[Event "Pornic op"]
[Site "Pornic"]
[Date "2011.07.??"]
[Round "3"]
[White "Delorme, Alban"]
[Black "De Solere, Bruno"]
[Result "1-0"]
[WhiteElo "2288"]
[BlackElo "1570"]
[PlyCount "41"]
[EventDate "2011.07.??"]
[EventType "swiss"]
[EventRounds "6"]
[EventCountry "FRA"]
[SourceTitle "EXT 2012"]
[Source "ChessBase"]
[SourceDate "2011.11.24"]
[SourceVersion "1"]
[SourceVersionDate "2011.11.24"]
[SourceQuality "1"]

1. e4 e5 2. d4 exd4 3. Qxd4 Nc6 4. Qe3 d6 5. Nc3 Nf6 6. Bd2 Be7 7. Bc4 0-0 8. 0-0-0 a6 9. f4 b5 10. Bb3 Na5 11. e5 Nxb3+ 12. axb3 Ne8 13. Nf3 Bb7 14. Rhe1 Qb8 15. Ne4 f5 16. exf6 Bxf6 17. Neg5 Bxf3 18. Qe6+ Kh8 19. Nf7+ Rxf7 20. Qxf7 Bxd1 21. Qf8# 1-0

[Event "Pornic op"]
[Site "Pornic"]
[Date "2008.08.??"]
[Round "3"]
[White "De Solere, Bruno"]
[Black "Prodhomme, Boris"]
[Result "0-1"]
[WhiteElo "1690"]
[BlackElo "2151"]
[PlyCount "102"]
[EventDate "2008.08.??"]
[EventType "swiss"]
[EventRounds "6"]
[EventCountry "FRA"]
[SourceTitle "EXT 2009"]
[Source "ChessBase"]
[SourceDate "2008.11.26"]
[SourceVersion "1"]
[SourceVersionDate "2008.11.26"]
[SourceQuality "1"]

1. Nf3 d5 2. c4 c6 3. b3 Bf5 4. Bb2 Nf6 5. g3 e6 6. Bg2 h6 7. 0-0 Be7 8. d3 0-0 9. Nbd2 Bh7 10. Re1 Nbd7 11. cxd5 exd5 12. Ne5 Nxe5 13. Bxe5 Qb6 14. Nf3 Ng4 15. Bd4 c5 16. Bb2 c4 17. Bd4 Bc5 18. Bxc5 Qxc5 19. d4 Qd6 20. h3 Nf6 21. Ne5 c3 22. e3 Rac8 23. Qc1 Rc7 24. Bf1 Ne4 25. Bd3 f6 26. Ng4 h5 27. Nh2 h4 28. Ng4 hxg3 29. f3 Ng5 30. Bxh7+ Kxh7 31. Qc2+ g6 32. Kg2 Kg7 33. h4 Nf7 34. f4 Qe6 35. Kxg3 Nd6 36. Kf3 Nf5 37. Rh1 Qe4+ 38. Qxe4 dxe4+ 39. Kf2 Rh8 40. h5 gxh5 41. Nh2 Ne7 42. Rag1+ Kf7 43. Ke2 Nd5 44. Rg2 c2 45. Kd2 Nb4 46. Rhg1 Rhc8 47. Rg7+ Ke6 48. Rxc7 Rxc7 49. Rc1 Rg7 50. Nf1 Rg2+ 51. Kc3 Nxa2+ 0-1